UBT Library

Creating excellence : (Record no. 42125)

000 -LEADER
fixed length control field 00631cam a2200217 a 4500
001 - CONTROL NUMBER
control field 4733319
005 - DATE AND TIME OF LATEST TRANSACTION
control field 20180208050451.0
008 - FIXED-LENGTH DATA ELEMENTS--GENERAL INFORMATION
fixed length control field 840905s1984 nyu b 001 0 eng
010 ## - LIBRARY OF CONGRESS CONTROL NUMBER
LC control number 84020612
020 ## - INTERNATIONAL STANDARD BOOK NUMBER
International Standard Book Number 0453004822
040 ## - CATALOGING SOURCE
Original cataloging agency DLC
Transcribing agency DLC
Modifying agency DLC
041 ## - LANGUAGE CODE
Language code of text/sound track or separate title eng
080 ## - UNIVERSAL DECIMAL CLASSIFICATION NUMBER
Universal Decimal Classification number 658.4 CRE
082 00 - DEWEY DECIMAL CLASSIFICATION NUMBER
Classification number 658.4 CRE
Edition number 19
100 1# - Rafti
Rafti 54
101 ## - Shkurtesa
Shkurtesa MAN
245 10 - TITLE STATEMENT
Title Creating excellence :
Statement of responsibility, etc by Craig R. Hickman and Michael A. Silva.
504 ## - BIBLIOGRAPHY, ETC. NOTE
Bibliography, etc Bibliography: p. 295-298.
906 ## - LOCAL DATA ELEMENT F, LDF (RLIN)
a 7
b cbc
c orignew
d 1
e ocip
f 19
g y-gencatlg
942 ## - ADDED ENTRY ELEMENTS (KOHA)
Source of classification or shelving scheme
Item type Books
Holdings
Withdrawn status Lost status Source of classification or shelving scheme Damaged status Not for loan Collection code Permanent location Current location Shelving location Date acquired Total Checkouts Full call number Barcode Date last seen Price effective from Koha item type
          Koleksioni i përgjithshem UBT - Lipjan UBT - Lipjan Koleksioni i përgjithshem 02/08/2018   658.4 CRE 002-2999210 02/08/2018 02/08/2018 Books
UBT Library © 2015-2024. All rights reserved University Education for Business and Technology